000 00635nam a2200229Ia 4500
003 OSt
005 20220926005545.0
006 a|||||r|||| 00| 0
007 ta
008 220923b |||||||| |||| 00| 0 eng d
037 _cGeneral Book
040 _aRTL
_cRTL
_beng
041 _2eng
_aeng
082 _aX7.4445.N8, M6
100 _aAmatya D B
_9125699
245 0 _aNepal's fiscal issues
_b New challenges
260 _a New Delhi
_bStrling India
_c1986
300 _a205p. Bib p. 192-201
_ccm.
650 _aFinance
942 _hX7.4445.N8, M6
_cGB
_2CC
999 _c614269
_d614269